| LEADER | 00991nam a2200205 4500 | ||
|---|---|---|---|
| 082 | |a 915.97 |b D107m | ||
| 100 | |a | ||
| 245 | |a Danh mục các xã vùng cao, vùng sâu, vùng xa |c | ||
| 260 | |a H. |c 1999 | ||
| 300 | |a 55 tr. |c 19 cm. | ||
| 520 | |a v.v... | ||
| 653 | |a Địa lí | ||
| 653 | |a Địa danh | ||
| 653 | |a Việt Nam | ||
| 942 | |2 ddc |c STK0 | ||
| 999 | |c 9061 |d 9061 | ||
| 952 | |0 0 |1 0 |2 ddc |4 0 |6 915_970000000000000_D107M |7 0 |8 900 |9 74013 |a qbu |b qbu |c D5 |d 2015-05-05 |g 10000 |o 915.97 D107m. |p 8646.c1 |r 0000-00-00 |w 2015-05-05 |y STK0 | ||
| 952 | |0 0 |1 0 |2 ddc |4 0 |6 915_970000000000000_D107M |7 0 |8 900 |9 74014 |a qbu |b qbu |c D5 |d 2015-05-05 |g 10000 |o 915.97 D107m. |p 8646.c2 |r 0000-00-00 |w 2015-05-05 |y STK0 | ||
| 952 | |0 0 |1 0 |2 ddc |4 0 |6 915_970000000000000_D107M |7 0 |8 900 |9 74015 |a qbu |b qbu |c D5 |d 2015-05-05 |g 10000 |o 915.97 D107m. |p 8646.c3 |r 0000-00-00 |w 2015-05-05 |y STK0 | ||
| 952 | |0 0 |1 0 |2 ddc |4 0 |6 915_970000000000000_D107M |7 0 |8 900 |9 74016 |a qbu |b qbu |c D5 |d 2015-05-05 |g 10000 |o 915.97 D107m. |p 8646.c4 |r 0000-00-00 |w 2015-05-05 |y STK0 | ||